| 000 | 01337cam a22002294a 4500 | ||
|---|---|---|---|
| 005 | 20250605163923.0 | ||
| 008 | 250528s ||||||||||||||||||||||||d | ||
| 035 | _a14454 | ||
| 020 | _a750642564 | ||
| 040 |
_aGR-AtMCL _bgre _dGR-AtMCL _eAACR2 |
||
| 245 | 1 | _aAccounting for Business / Second Edition | |
| 250 | _a3rd | ||
| 260 |
_bButterworth Heinemann, _c2001 |
||
| 300 | _a534 | ||
| 520 | _aThis book is an ideal text for business studies students following introductory courses in financial accounting. Preface, Introduction to Accounting, Introduction to Accounting, Accounting Statements: Nature and Preparation, The Balance Sheet, The Profit and Loss Account, The Measurement of Profit - Further Issues, Accounting for Companies: The Regulatory Framework, An Introduction to the Accounts of Limited Companies, The Regulatory Framework, The Accounts of Groups of Companies, The Analysis and Interpretation of Accounts, The Cash Flow Statement, The Use of Financial Statements for Planning and Decision-Making, The Analysis of Financial Statements, The Accounting Framework and Value Measurement, Appendix: Practical Accounting, Answers to Self-Assessment Questions, Index. | ||
| 700 | 1 |
_aAtrill Peter _9129 |
|
| 700 | 1 |
_aHarvey David _9116 |
|
| 700 | 1 |
_aMclaney Edward _9130 |
|
| 942 | _cBK | ||
| 999 |
_c84 _d84 |
||